Music Quiz

Random Music or Singers Quiz

'80s Bands Lead Singers Quiz Stats

Quiz Updated Aug 1, 2015

Also try: Bands by Members
Challenge
Share
Tweet
Embed
Score 0/24 Timer 05:00
1 Play Today
% Correct
Freddie Mercury
97.9%
Bono
97.3%
Axl Rose
96.8%
Sting
95.1%
Steven Tyler
93%
George Michael
92.8%
Phil Collins
92.1%
Annie Lennox
89.3%
David Lee Roth
86.8%
Belinda Carlisle
81.4%
Michael Stipe
79%
Ann Wilson
78.1%
% Correct
Simon Le Bon
75.7%
Mark Knopfler
74.4%
Bret Michaels
74.1%
Steve Perry
73.2%
Michael Hutchence
72.6%
James Hetfield
70.5%
Brian Johnson
68.5%
Ric Ocasek
66.9%
Vince Neil
66.3%
Geddy Lee
65.5%
Robert Smith
65.5%
David Coverdale
58.1%

You're not logged in!

Compare scores with friends on all Sporcle quizzes.
Join for Free
OR
Log In

You Might Also Like...

Show Comments

Extras

Top Quizzes Today


Score Distribution

Your Account Isn't Verified!

In order to create a playlist on Sporcle, you need to verify the email address you used during registration. Go to your Sporcle Settings to finish the process.

Report this User

Report this user for behavior that violates our Community Guidelines.

Details: